000 01398nam a22003017a 4500
003 PE SENCICO BE
005 20251020182706.0
008 240219b |||||||| |||| 00| 0 eng d
040 _aPE SENCICO BE
_cPE SENCICO BE
041 _aspa
084 _aI
_aDIS
_a2017
_bH93
100 1 _91966
_aHumareda Pantaleón, Ebsel
_eautor
245 1 _aAntropometría y ergonomía para personas con discapacidad /
_cEbsel Humareda Pantaleón
246 _aEstudio ergonómico de los incapacitados en silla de ruedas
260 _aLima :
_c2017
300 _a56 h. :
_bil. col., plans. ;
_c30 x 40 cm.
500 _aEl volumen 2 contiene planos.
502 _aMonografía de Titulación.-- Servicio Nacional de Capacitación para la Industria de la Construcción. Escuela Superior Técnica. Carrera Profesional Técnica en Diseño de Interiores, 2017
505 0 _av. 1. Antropometría y ergonomía para personas con discapacidad (parte teórica) -- v. 2. Estudio ergonómico de los incapacitados en silla de ruedas (parte práctica).
650 1 0 _944
_aDiseño de interiores
650 2 0 _91967
_aAcceso para personas con discapacidad
650 2 0 _9349
_aErgonomía
650 2 0 _91800
_aAntropometría
650 2 0 _9615
_aPlanos
710 1 _aServicio Nacional de Capacitación para la Industria de la Construcción.
_bEscuela Superior Técnica
_91065
910 _bhfp
_chfp
942 _cMON
_2ddc
999 _c4953
_d4953